Použitie ekvivalentných škál v štatistike chudoby

Analýza príjmovej diferenciácie a príjmovej nerovnosti. Meranie relatívnej príjmovej chudoby pri výpočte hranice rizika chudoby a stanovenie podielu osôb ohrozených chudobou. Použitie rôznych typov škál a ich dopad v štatistike chudoby.

Gespeichert in:
Bibliographische Detailangaben
1. Verfasser: Ivančíková, Ľudmila
Format: Buchkapitel
Sprache:Slowakisch
Schlagworte:
Tags: Tag hinzufügen
Keine Tags, Fügen Sie das erste Tag hinzu!

MARC

LEADER 00000nla a2200000 4500
001 0214184
005 20240502073600.1
041 0 |a slo 
044 |a SK 
245 1 0 |a Použitie ekvivalentných škál v štatistike chudoby  |c Ľudmila Ivančíková 
520 |a Analýza príjmovej diferenciácie a príjmovej nerovnosti. Meranie relatívnej príjmovej chudoby pri výpočte hranice rizika chudoby a stanovenie podielu osôb ohrozených chudobou. Použitie rôznych typov škál a ich dopad v štatistike chudoby. 
610 2 0 |a úroveň životná 
610 2 0 |a diferenciácia mzdová 
610 2 0 |a príjmy domácností 
610 2 0 |a spotreba 
610 2 0 |a výdavky obyvateľstva 
610 2 0 |a nerovnosť sociálna 
610 2 0 |a chudoba 
610 2 0 |a meranie 
100 1 |a Ivančíková, Ľudmila